Statistics for Landmarks of Europe

Click here to take the quiz!

General Stats

  • This quiz has been taken 706 times
    (655 since last reset)
  • The average score is 5 of 10

Answer Stats

HintAnswer% Correct
FranceEiffel Tower
95%
EnglandBig Ben
76%
GreeceAcropolis
58%
EnglandStonehenge
56%
ItalyLeaning Tower of Pisa
50%
FranceLouvre
50%
EnglandBuckingham Palace
45%
FranceNotre Dame
36%
ItalyColloseum
22%
FrancePalace of Versailles
9%

Score Distribution

Percentile by Number Answered

Percent of People with Each Score

Your Score History

You have not taken this quiz since the last reset